000 00537nam a22001937a 4500
003 SEM
999 _c68243
_d68243
005 20220608074110.0
008 180809b ||||| |||| 00| 0 itl d
020 _a9789939837109
040 _aSEM
_cSEM
041 0 _ait.
080 _a947.925(084.1)/M-57
245 0 0 _aMeraviglie D'Armenia./
260 _aYerevan:
_b"Areg",
_c2015.
300 _a128 p.;
_bill.;
_c30 cm
500 _a[Periodo antico. Medioevo e cristianesimo. Nature costumi. Epoca contemporanea.]
650 _aArmenia
_xhistory
942 _2udc
_cBK